000 00842nam a22002297a 4500
005 19970904051429.3
008 970904m19271929ii a 001 0aeng
010 _aENG-95740
020 _a9788179929902
_c175.00
035 _aEN-79273
037 _aDBAD/PUB
040 _aDPL
100 _aBagchi, S.K.
240 _aSatyanā prayogo athavā ātmakathā.
_lEnglish
245 _aWealth management :
_cby S.K. Bagchi
_bincludes a detailed analysis of risk-free & low risk investments
260 _aMumbai
_bJaico Publishing House,
_c2009
270 _aA-2, Jash chambers, Fort
_bMumbai
_e400001
300 _axvi,92p. ;
_c22 cm.(Pbk)
942 _2ddc
_cEN
_mBAG
999 _c33459
_d33459